00483nam a2200193Ia 4500003000900000008004100009040001300050040001300063041000800076100002200084245011000106250001200216260001300228260000900241300001100250300001000261490001200271490000600283IT-RoPAU120407s9999 xx 000 0 und d aIT-RoPAU cIT-RoPAU aita aGiacomo Alberione a“I was created to love god” An edition with introduction, notes and indexes by Fr. Joseph Barbero ssp aBoston  aSt Paul  c1980 a123 p. c18 cm aOp.Om 4 v1